000 00221nam a2200097Ia 4500
008 220204s9999 xx 000 0 und d
082 _a82-3
_bIND
100 _aIndira Parthasarathy
245 0 _aRiver of blood
942 _cBK
999 _c30064
_d30064